000
00291nam a22001337a 4500
008
171010b xxu||||| |||| 00| 0 eng d
020
_a
9780813387062
041
_a
eng
080
_a
316
100
_a
50
101
_a
PSI
245
_a
THEORIZIM FEMINISM
_c
HERRMANN.AC
942
_2
udc
_c
BK
999
_c
32734
_d
32734